000
00229nam a22000857a 4500
008
160630b xxu||||| |||| 00| 0 eng d
100
_9
1614
_a
Kumar, J.N
245
_a
Mental Mathematics
260
_a
New Delhi
_b
Rajshree Prakashan
_c
1999
999
_c
1337
_d
1337